000 00635nam a2200205 i 4500
001 10671
003 ES-MaACL
005 20231222063026.0
007 t|
008 951003s1995 sp |||| | spa d
080 _a291.21
100 1 _aSuárez Rodríguez, José Luis,
_d1931-2020
_9108655
245 1 0 _aLo que nunca nadie dijo
_b: sobre el eclipse y la estrella /
_cJosé Luis Suárez Rodríguez.
260 _aMadrid :
_bAPIS,
_c1995.
300 _a55 p. ;
_c25 cm.
504 _aReferencias bibliográficas.
650 1 4 _aReligiones-
_yHasta S.V.
_9146990
852 _aES-MaACL
_j2142-F-37
999 _c10671
_d10671